Top 10 najlepiej zarabiających firm mleczarskich w Polsce - Statystyki

Ogólne statystyki
  • Ten quiz został rozwiązany 86 razy
  • Średni wynik to 4 z 10
Statystyki odpowiedzi
Zarobki Firma % Poprawnych
9,418 mld Mlekovita
74%
7,173 mld Mlekpol
72%
2,260 mld Piątnica
60%
9,510 mld Polmlek
42%
1,561 mld Danone
38%
1,488 mld Zott
38%
2,158 mld Łowicz
30%
1,380 mld Giżycko
6%
1,442 mld Lactalis
4%
1,630 mld Polindus-Laktopol
2%
Nie znaleziono quizów pasujących do podanych kryteriów
Rozkład punktacji
Procent ludzi z każdym wynikiem
Percentyl według liczby udzielonych odpowiedzi
Twoja historia wyników
Nie rozwiązałeś tego quizu